| 000 | 01214nam a2200313 a 4500 | ||
|---|---|---|---|
| 001 | ebr10487901 | ||
| 003 | CaPaEBR | ||
| 006 | m u | ||
| 007 | cr cn||||||||| | ||
| 008 | 110831s2009 gw ad sb 000 0 eng d | ||
| 020 | _z9783836670296 | ||
| 020 | _z9783836620291 (e-book) | ||
| 040 |
_aCaPaEBR _cCaPaEBR |
||
| 035 | _a(OCoLC)679423112 | ||
| 043 | _ae-uk--- | ||
| 050 | 1 | 4 |
_aHF5469.23.G72 _bO25 2009eb |
| 100 | 1 | _aObitz, Cornelia. | |
| 245 | 1 | 0 |
_aSupermarket differentiation in the UK _h[electronic resource] : _ba theoretical and empirical investigation / _cCornelia Obitz. |
| 260 |
_aHamburg : _bDiplomica Verlag, _c2009. |
||
| 300 |
_a66 p. : _bill. |
||
| 500 | _aTitle from cover. | ||
| 504 | _aIncludes bibliographical references. | ||
| 533 |
_aElectronic reproduction. _bPalo Alto, Calif. : _cebrary, _d2011. _nAvailable via World Wide Web. _nAccess may be limited to ebrary affiliated libraries. |
||
| 650 | 0 |
_aSupermarkets _zGreat Britain. |
|
| 650 | 0 | _aProduct differentiation. | |
| 655 | 7 |
_aElectronic books. _2local |
|
| 710 | 2 | _aebrary, Inc. | |
| 856 | 4 | 0 |
_uhttp://site.ebrary.com/lib/rucke/Doc?id=10487901 _zAn electronic book accessible through the World Wide Web; click to view |
| 999 |
_c123402 _d123402 |
||